| 000 | 00662nam a2200217Ia 4500 | ||
|---|---|---|---|
| 999 |
_c41205 _d41205 |
||
| 001 | 7857 | ||
| 003 | GE_BSU | ||
| 005 | 20220927120321.0 | ||
| 008 | 181216s2011ge xx |||||||||||||| ||ger|| | ||
| 020 | _a9783411055074 | ||
| 040 | _cGE_BSU | ||
| 041 | _ager | ||
| 080 | _a81'374.81=811.112(038) D-84 | ||
| 245 |
_aDuden:Deutsches Universal-Wörterbuch : _bDeutsches Universal-Wörterbuch |
||
| 264 |
_aZürich: _bDudenverlag, _c2011. |
||
| 300 |
_a2111 p.: _c26 cm. |
||
| 653 | _aDeutsches Universal-Wörterbuch | ||
| 653 | _aDuden | ||
| 653 | _aგერმანული უნივერსალური ლექსიკონი | ||
| 942 |
_cBK _2udc |
||